000 00348nam a2200145 a 4500
008 970923s1959||||xx 0 und c
040 _aSNK
_bslo
_cSNK
_eAACR2
100 1 _aDobrovolný, B.
245 1 0 _aMalý technický naučný slovník
260 _aPraha
_bSNTL
_c1959
300 _a1012 s.
020 _c77
044 _axo
_cSK
041 _aslo
999 _c19258
_d19258